000
00266nam a22001217a 4500
008
180315b xxu||||| |||| 00| 0 eng d
041
_a
eng
080
_a
82
100
_a
24
101
_a
GJU
245
_a
A MODERN BOOK OF ESTHETICS
_c
RADER.M
942
_2
udc
_c
BK
999
_c
45072
_d
45072